Finish the Taylor Swift lyric - Statistics

General Stats
  • This quiz has been taken 152 times
  • The average score is 13 of 19
Answer Stats
Hint Answer % Correct
You got that James Dean ________ look in your eye daydream
92%
But when you think Tim McGraw I hope you think my favorite ____ song
87%
And it's new, the shape of your bodyIt's ____, the feeling I've got blue
86%
I don't dress for friends Lately, I've been dressin' for _______ revenge
86%
I never thought we'd have a ____ kiss I never imagined we'd end like this last
84%
But we were something, don't you think so? Roaring twenties, tossing pennies in the ____ pool
84%
And by mornin', gone was any _____ of you I think I am finally clean trace
82%
Was it over when she laid down on your _____? couch
80%
This night is sparklin', don't you let it go I'm ____________, blushin' all the way home wonderstruck
80%
Don't look at me, you got a ____ at home And everybody knows that, everybody knows that girl
77%
My house of _____, your ivy grows And now I'm covered in you stone
71%
My baby's ___ like a daydream Walkin' with his head down fit
66%
I thought the _____ was goin' down How'd you turn it right around? plane
62%
And I _______ that nobody's gonna love you like me-e-e promise
61%
Perched in the dark Tellin' all the rich _____ anything they wanna hear folks
55%
Breakin' down and comin' undone It's a, a _____________ kind of rush rollercoaster
54%
And don't you _____ 'cause I know All I need is on the other side of the door leave
52%
But don't you Don't you _____ at me and ask me how I've been smile
42%
____________ blues Movin' on was always easy for me to do Catastrophic
40%
No matching quizzes found
Score Distribution
Percent of People with Each Score
Percentile by Number Answered
Your Score History
You have not taken this quiz